| 000 | 00000nam##2200000za#4500 |
| 001 | 9.693140 |
| 003 | CaOODSP |
| 005 | 20241203113636 |
| 007 | cr ||||||||||| |
| 008 | 150407|2010||||xxc|||||o f|0| 0 eng|d |
| 020 | |a978-1-100-14951-6 |
| 040 | |aCaOODSP|beng |
| 043 | |an-cn--- |
| 086 | 1 |aEn14-17/2-2010E-PDF |
| 110 | 1 |aCanada. |bEnvironment Canada. |
| 245 | 10|aTechnical document for batch waste incineration : |h[electronic resource]|bexecutive summary and overview of the six-step process for batch waste incineration |
| 260 | |aOttawa - Ontario : |bEnvironment Canada |cJanuary 2010. |
| 300 | |a8p. |
| 590 | |a10-15|b2010-04-16 |
| 775 | 08|tDocument technique sur l'incinération en discontinu de matières résiduelles : |w(CaOODSP)9.637341 |
| 856 | 40|ahttp://publications.gc.ca|qPDF|s129 KB|uhttps://publications.gc.ca/collections/collection_2010/ec/En14-17-2-2010-eng.pdf |